000 00291nam a2200121Ia 4500
008 190216s9999||||xx |||||||||||||| ||und||
100 _aHanson Alvin
245 0 _aEconomic Policy And Full Employment
260 _bEurasia Pub-Ltd
_c1962
300 _a340p
650 _aEconomics
942 _cBK
999 _c9608
_d9608